000 00573nam a2200229Ia 4500
003 OSt
005 20220928125558.0
006 a|||||r|||| 00| 0
007 ta
008 220927b |||||||| |||| 00| 0 eng d
024 _a41750
037 _cTextual
040 _aSDCL
_cSDCL
_beng
041 _2eng
_aeng
082 _aS4, K8
100 _aSchaw Louis C
_9470398
245 0 _aBond of work.
260 _aSan
_bFrancisco Jossey-Bass
_c1968
300 _axviii,300p.
_ccm.
942 _hS4, K8
_cTEXL
_2CC
999 _c783120
_d783120